| 000 | 00715nam a2200229 c 4500 | ||
|---|---|---|---|
| 001 | a5327200 | ||
| 003 | CO-ViMGA | ||
| 005 | 20230915224412.0 | ||
| 008 | 130308s2012 sp a | |||| 000 0 spa | ||
| 020 | _a9788490242490 | ||
| 040 |
_aCO-ViMGA _bspa _cCO-ViMGA |
||
| 082 |
_a741.5 _bL61c |
||
| 245 | 0 | 3 |
_aLa canción del verdugo / _cScott Lobdell, Peter David, Fabian Nicieza ... [et al.] |
| 260 |
_aTorroella de Montgrí, Gerona _bPanini España ; _cD.L. 2012 |
||
| 300 |
_a295 p. _bprincipalmente il. col. _c27 cm. |
||
| 490 | 0 | _aLa Patrulla-X | |
| 490 | 0 |
_aMarvel héroes _v43 |
|
| 650 | 1 | 4 |
_acomics _9284 |
| 650 | 1 | 4 |
_aTiras comica, historietas, etc. _98958 |
| 700 | 1 |
_aLobdell, Scott _98963 |
|
| 942 |
_2ddc _cBK |
||
| 999 |
_c11754 _d11754 |
||